| 000 | 00614cam a22002174a 4500 | ||
|---|---|---|---|
| 999 |
_c3495 _d3495 |
||
| 001 | 9094 | ||
| 003 | BD-DhUAP | ||
| 005 | 20200308110240.0 | ||
| 008 | 200308s20041999ii a 001 0 eng | ||
| 020 | _a0074637282 | ||
| 040 |
_aDLC _cDLC _dBD-DhUAP |
||
| 082 | 0 | 0 |
_a621.381 MAL _223 |
| 100 | 1 | _aMalvino, Albert Paul. | |
| 245 | 1 | 0 |
_aMalvino electronic principles / _cAlbert Paul Malvino. |
| 250 | _a6th ed. | ||
| 260 |
_aNew Delhi : _bTata McGraw-Hill, _cc1999 [Reprinted 2004]. |
||
| 300 |
_axi, 1012 pages : _billustrations ; _c29 cm. |
||
| 500 | _aIncludes index. | ||
| 650 | 0 | _aElectronics. | |
| 942 |
_2ddc _cBK |
||